000 01899nam a2200361 i 4500
003 DO-SdBNP
005 20260211140906.0
007 ta
008 230629b1978 dr a|||| |||| 00| 0 spa d
040 _aDO-SdBNP
_bspa
_cBNPHU
_erda
041 _aspa
082 4 _aRD863.44
_bD542a 1978
_222
100 1 _aDíaz Grullón, Virgilio,
_d1924-2001
_eautor
_4aut.
_9501
245 1 4 _aLos algarrobos también sueñan /
_cVirgilio Díaz Grullón ; prólogo, María del Carmen P. de Rivera ; ilustraciones, Fernando Ureña Rib.
250 _aSegunda edición
264 1 _aSanto Domingo :
_bEdiciones de Taller,
_c1978.
300 _a93 páginas :
_bilustraciones ;
_c21 cm.
336 _atexto
_btxt
_2rdacontent
337 _asin mediación
_bn
_2rdamedia
338 _avolumen
_bnc
_2rdacarrier
490 0 _aColección Biblioteca Taller
_v78
505 2 _aApuntes sobre un narrador dominicano /
_rMaría del Carmen Prosdocimi de Rivera --
_tLos algarrobos también sueñan--
_tcinco años de histéricas arengas --
_tAsí, cuando las hojas más altas --
_tEn la ruta de su inexorable descenso --
_tMientras otra rama del árbol --
_tTan pronto la fuerza de la gravedad --
_tEn el preciso instante en que una de sus piernas --
_tAl tiempo que su frente quebraba --
_tLa velocidad de la caída aumentó --
_tEn la etapa final de su largo viaje --
_tAl momento de disparar.
586 _aPremio Nacional Novela 1977
590 _aInventariado, 2023/BT
600 1 4 _aDíaz Grullón, Virgilio,
_d1924-2001
_xCrítica e interpretación
_928780
650 7 _aNovela histórica dominicana.
_9860
650 4 _aLiteratura dominicana.
_967
651 4 _aRepública Dominicana
_xHistoria
_xNovela
_910015
700 1 _aMaría del Carmen, P. Rivera de,
_eprologuista
_4pr.
_928818
700 1 _aUreña Rib, Fernando,
_d1951-
_eilustrador
_4il.
_930237
910 _aBtavárez/Validado. Control de calidad MFF
942 _2ddc
_cLBS1
999 _c54012
_d54012